[Event "RUS-ch Rapid Men 2018"]
[Site "Sochi"]
[Date "2018.10.06"]
[Round "8"]
[White "Gordievsky, Dmitry"]
[Black "Truskavetsky, Alexandr"]
[Result "0-1"]
[WhiteElo "2615"]
[BlackElo "2393"]
[Annotator "TA"]
[PlyCount "72"]
[EventDate "2018.10.05"]
[EventType "swiss"]
[EventCountry "RUS"]
[SourceTitle "playchess.com"]
[Source "ChessBase"]
[SourceQuality "1"]

{[%evp 24,72,87,83,108,93,105,121,97,82,105,85,154,91,97,79,94,127,110,125,128,108,123,-69,-70,-156,-150,-342,-306,-332,-340,-295,-323,-318,-295,-498,-481,-800,-796,-753,-565,-909,-839,-1286,-911,-29977,-29978,-29969,-29965,-29983,-29984]} 1. Nf3 Nf6 2. c4 c5 3. Nc3 Nc6 4. d4 cxd4 5. Nxd4 g6 6. e4 d6 7. f3 Bg7 8. Be3 O-O 9. Qd2 Bd7 10. Be2 Rc8 {B38: Sicilian: Maroczy Bind with 5...Bg7 and 7...0-0} (10... Nxd4 11. Bxd4 a5 12. b3 Bc6 13. O-O Nd7 14. Be3 Nc5 15. Rab1 e6 16. a3 Be5 17. b4 axb4 18. axb4 Ra3 19. bxc5 Rxc3 20. f4 Bg7 21. e5 dxe5 22. Qxc3 exf4 23. Qd2 Qg5 {0-1 (43) Bu,X (2730)-Savchenko,B (2566) Riadh 2017}) 11. Rc1 Re8 12. O-O Ne5 13. b3 {LiveBook: 4 Games} h5 $146 ({Predecessor:} 13... a6 14. Rfd1 h5 15. Nd5 Nc6 16. Nxc6 Bxc6 17. Nb6 Rb8 18. a4 Nd7 19. a5 Kh7 20. Nd5 Nc5 21. Qa2 e5 {1-0 (32) Kahrovic,M (2275)-Livaja,M (2246) Kragujevac 2015}) 14. h3 a6 15. f4 Nc6 16. Nf3 Qa5 17. Bd3 b5 (17... e5 $142) 18. e5 (18. c5 $142) 18... dxe5 $16 19. fxe5 b4 20. Nb5 $1 ({Much weaker is} 20. exf6 $6 bxc3 21. Rxc3 (21. Qxc3 Qxc3 22. Rxc3 exf6 $11) 21... exf6 $11) 20... axb5 21. exf6 exf6 22. cxb5 Ne7 23. b6 $2 {[#]} ({Better is} 23. a4 $16) 23... Nd5 $15 24. Bc4 (24. Bf2 $15 Nxb6 25. a3) 24... Nxb6 $17 ({Not} 24... Nxe3 {[#]} 25. Bxf7+ $1 {[%mdl 512]} Kxf7 26. Qxd7+ Re7 27. Qxc8 $16) 25. Bh6 $2 (25. Be2 $17) 25... Nxc4 26. bxc4 Be6 27. Bxg7 Kxg7 28. Rfe1 {and the idea Nd4 leaves White hopeful.} Red8 29. Qf4 $2 (29. Qe2 {was necessary.}) 29... Qxa2 $19 30. Rf1 (30. c5 $142 b3 31. Ra1) 30... Rxc4 31. Rxc4 Qxc4 32. Qe3 b3 {[%cal Bb4b3,Bb3b2][%mdl 32]} 33. Rb1 Qc2 34. Qe1 b2 {Black mates.} 35. Kh2 Bf5 36. Qe7 Rd7 {Precision: White = 30%, Black = 77%.} 0-1

[Event "RUS-ch Rapid Men 2018"]
[Site "Sochi"]
[Date "2018.10.06"]
[Round "8"]
[White "Esipenko, Andrey"]
[Black "Gutenev, Alexander"]
[Result "1-0"]
[WhiteElo "2609"]
[BlackElo "2456"]
[Annotator "TA"]
[PlyCount "52"]
[EventDate "2018.10.05"]
[EventType "swiss"]
[EventCountry "RUS"]
[SourceTitle "playchess.com"]
[Source "ChessBase"]
[SourceQuality "1"]

{[%evp 18,52,2,0,26,38,30,34,27,22,43,50,47,31,104,82,107,47,31,50,51,0,46,-20,-15,0,78,77,760,654,784,781,760,770,766,767,827]} 1. d4 Nf6 2. Bf4 g6 3. Nc3 d5 (3... c5 4. dxc5 Qa5 5. a3 Qxc5 6. e4 Bg7 7. Nf3 d6 8. h3 O-O 9. Qd2 b6 10. O-O-O Bb7 11. Be3 {1-0 (48) Nabaty,T (2692)-Almasi,Z (2702) Batumi 2018}) 4. e3 Bg7 5. h4 c6 6. Be2 {A45: Trompowsky Attack} h5 7. Nf3 Bg4 8. Ne5 Bxe2 9. Qxe2 Nbd7 10. O-O-O {LiveBook: 8 Games} Qa5 11. Kb1 Nxe5 12. Bxe5 b5 $146 {[%cal Bb7b5,Bb5b4][%mdl 32] [#] ...b4 is the strong threat.} 13. Qd3 b4 14. Ne2 Kf8 15. f3 Qb5 ({Black should play} 15... Nd7 $14) 16. Nf4 Qb6 17. Qd2 (17. g4 $16) 17... Nd7 18. Bxg7+ Kxg7 19. e4 dxe4 20. fxe4 (20. g4 $14 hxg4 21. fxg4) 20... e5 21. Ne2 {[%cal Bf4e2,Be2d4,Bd4f5,Bf5d6,Bd6f7][%mdl 32]} exd4 (21... Rae8 $11) 22. Nxd4 $16 Nf6 $2 {[%mdl 8192]} (22... c5 $16) 23. Qg5 {White is clearly winning.} c5 24. Nf5+ $1 Kg8 25. Nd6 Ng4 {[#]} 26. Nxf7 $1 {[%mdl 512]} Rh7 {Precision: White = 64%, Black = 30%.} (26... Kxf7 27. Rd7+) 1-0

[Event "RUS-ch Rapid Men 2018"]
[Site "Sochi"]
[Date "2018.10.06"]
[Round "8"]
[White "Kryakvin, Dmitry"]
[Black "Hasangatin, Ramil"]
[Result "1-0"]
[WhiteElo "2595"]
[BlackElo "2485"]
[Annotator "TA"]
[PlyCount "99"]
[EventDate "2018.10.05"]
[EventType "swiss"]
[EventCountry "RUS"]
[SourceTitle "playchess.com"]
[Source "ChessBase"]
[SourceQuality "1"]

{[%evp 13,99,37,47,34,41,40,33,32,46,25,34,32,45,40,67,57,56,43,46,66,40,55,127,42,40,30,49,30,43,42,90,100,316,316,316,316,314,306,297,298,296,304,288,294,306,305,396,414,405,369,441,421,438,421,421,421,421,421,421,421,421,421,421,421,819,810,1029,991,927,897,12844,12844,12845,12845,12846,12847,12847,12847,12847,12847,12848,12848,12849,12849,12850,12850,12851,29981]} 1. d4 d6 2. Nf3 Nf6 3. g3 g6 4. Bg2 Bg7 5. O-O O-O 6. b3 c6 7. Bb2 Bf5 8. c4 {A49: 1 d4 Nf6 2 Nf3 g6 3 g3: Anti-King's Indian systems} Qc8 (8... d5 9. e3 a5 10. Nc3 Ne4 11. Qe2 Nxc3 12. Bxc3 Be4 13. Bh3 Bxf3 14. Qxf3 e6 15. a4 Nd7 {½-½ (45) Mamedyarov,S (2791)-Rakhmanov,A (2654) Sochi 2017}) 9. Re1 Re8 10. Nbd2 {White is slightly better.} Bh3 11. Bh1 Qg4 $146 ({Predecessor:} 11... h6 12. e4 Nbd7 13. e5 dxe5 14. Nxe5 Nxe5 15. dxe5 Nd7 {½-½ (52) Glavina,P (2382)-Ramiro Ovejero,J (2370) Aragon 2016}) 12. e4 e5 13. c5 exd4 14. cxd6 Nxe4 15. Nxe4 Rxe4 16. Rxe4 Qxe4 17. Qd2 {[#] Hoping for Re1.} Bd7 ({Black should try} 17... Qf5 $14) 18. Bxd4 (18. Nxd4 $16 Qe5 19. Qb4) 18... Bxd4 $14 19. Nxd4 Qe5 20. Nc2 {White wants to play Re1.} Na6 21. Re1 Qf6 22. Re7 $36 {[%mdl 2048] White is really pushing.} Rd8 $2 {[#]} (22... Bf5 $16 {was necessary.}) 23. Qa5 $18 b6 24. Qxa6 Qxd6 25. Re1 ({Less strong is} 25. Qe2 Be6 $16) 25... Qd2 26. Qe2 ({Not} 26. Qxa7 Qxc2 27. Qxb6 Rc8 $16) 26... Qxe2 27. Rxe2 Bg4 28. f3 Rd1+ 29. Re1 Rd2 30. fxg4 Rxc2 {[%mdl 4096] Endgame KRB-KR} 31. a4 a5 32. Re8+ {White is clearly winning.} Kg7 33. Rb8 Rc1+ 34. Kg2 c5 35. Rxb6 c4 36. bxc4 Rxc4 37. Kh3 Rxa4 38. Ra6 f5 (38... Ra1 $142 39. Bd5 f6) 39. g5 Rg4 40. Ra7+ Kh8 41. Rxa5 Rxg5 42. Bf3 h6 43. Kg2 f4 44. Rxg5 hxg5 {KB-K3P} 45. g4 Kg7 46. Be4 Kf6 47. Kf3 Kg7 48. h4 Kf6 49. hxg5+ Kxg5 50. Bd3 {Precision: White = 85%, Black = 33%.} 1-0

[Event "RUS-ch Rapid Men 2018"]
[Site "Sochi"]
[Date "2018.10.06"]
[Round "8"]
[White "Maletin, Pavel"]
[Black "Rakhmanov, Aleksandr"]
[Result "1-0"]
[WhiteElo "2586"]
[BlackElo "2634"]
[Annotator "TA"]
[PlyCount "95"]
[EventDate "2018.10.05"]
[EventType "swiss"]
[EventCountry "RUS"]
[SourceTitle "playchess.com"]
[Source "ChessBase"]
[SourceQuality "1"]

{[%evp 9,95,64,65,58,67,64,70,62,72,56,73,66,68,62,83,41,50,39,42,40,66,67,79,74,93,78,91,87,91,82,145,145,138,138,141,130,135,135,168,168,181,181,181,181,181,181,181,181,173,169,169,169,233,206,469,429,541,435,433,402,675,416,746,743,702,672,789,738,921,922,922,869,1933,1922,1872,1786,2121,1149,1076,1047,3262,3288,1871,2587,29976,29977,29987,29988]} 1. c4 e5 {[%cal Be7e5,Be5e4][%mdl 32]} 2. g3 h5 3. Nf3 (3. Nc3 Bb4 4. Nd5 a5 5. a3 Bc5 6. e3 d6 7. Bg2 c6 8. Nc3 h4 9. d4 Bb6 10. Nf3 h3 {½-½ (41) Bruzon Batista,L (2664)-Rakhmanov,A (2635) Havana 2018}) 3... e4 4. Nh4 d6 $146 ({Predecessor:} 4... Be7 5. Nc3 c6 6. d3 d5 7. cxd5 cxd5 8. dxe4 d4 9. Nd5 Nc6 10. Bg2 Be6 {1-0 (44) Englert,F (2375)-Hector,J (2498) Ballerup 2017}) 5. Nc3 Nf6 6. d3 {A20: English Opening: 1...e5} exd3 $1 7. Qxd3 Nc6 8. Bg5 {White is slightly better.} Be7 9. Bg2 Be6 10. Nf5 Bxf5 11. Qxf5 Qd7 12. Qxd7+ Nxd7 13. Bd2 h4 14. Nd5 Bd8 15. Bc3 $36 {[%mdl 2048] White has the initiative.} Kf8 16. f4 Nb6 17. b3 Nxd5 18. cxd5 Nb8 19. g4 (19. Kf2 {is interesting.} Nd7 20. Rac1 Nc5 21. b4 Na4 22. Bd4) 19... Bf6 (19... a5 $142) 20. Bxf6 $16 gxf6 {[#]} 21. Rc1 $1 Na6 22. a3 Re8 23. Kf2 Re7 24. b4 Ke8 25. Rc3 Kd8 26. Rhc1 Rhe8 27. e3 Nb8 28. Bf1 Rg8 29. h3 Kc8 30. Bd3 b6 (30... Kd8 $142 31. Bb5 Rf8) 31. a4 $18 a6 $2 {[#]} (31... Kb7 {might work better.} 32. Kf3 Rc8) 32. b5 a5 33. Bf5+ Kb7 34. Kf3 Rge8 (34... Rg7 $142 35. e4 Rg8) 35. e4 Rd8 (35... Rg8 $142 36. Ke3 Rf8) 36. g5 fxg5 37. fxg5 {[%cal Bf4g5,Bg5g6][%mdl 32]} Rf8 38. Kg4 f6 39. g6 Rh8 40. Be6 c5 41. bxc6+ Kc7 42. Kf5 Rf8 43. Rb1 Na6 44. Rcb3 Nb4 45. Rxb4 axb4 46. Rxb4 Rg7 47. a5 b5 48. Rxb5 {Precision: White = 88%, Black = 52%.} 1-0

[Event "RUS-ch Rapid Men 2018"]
[Site "Sochi"]
[Date "2018.10.06"]
[Round "8"]
[White "Pridorozhni, Aleksei"]
[Black "Pogromsky, Mikhail"]
[Result "1-0"]
[WhiteElo "2574"]
[BlackElo "2415"]
[Annotator "ChessBase"]
[PlyCount "61"]
[EventDate "2018.10.05"]
[EventType "swiss"]
[EventCountry "RUS"]
[SourceTitle "playchess.com"]
[Source "ChessBase"]
[SourceQuality "1"]
[TimeControl "900+10"]

1. c4 {[%emt 0:00:00]} b6 {[%emt 0:00:07]} 2. d4 {[%emt 0:00:02]} e6 {[%emt 0:00:31]} 3. e4 {[%emt 0:00:03]} Bb7 {[%emt 0:00:06]} 4. Bd3 {[%emt 0:00:02]} g6 {[%emt 0:00:25]} 5. Nc3 {[%emt 0:00:26]} Bg7 {[%emt 0:00:03]} 6. Be3 {[%emt 0:00:05]} d6 {[%emt 0:00:19]} 7. f4 {[%emt 0:00:15]} Ne7 {[%emt 0:01:03]} 8. Nf3 {[%emt 0:00:03]} Nd7 {[%emt 0:00:37]} 9. O-O {[%emt 0:00:15]} O-O {[%emt 0:01:37]} 10. Qd2 {[%emt 0:00:20]} a6 {[%emt 0:00:29]} 11. Rae1 {[%emt 0:00:53]} c5 {[%emt 0:00:40]} 12. d5 {[%emt 0:00:03]} exd5 {[%emt 0:00:05]} 13. exd5 {[%emt 0:00:04]} b5 {[%emt 0:00:07]} 14. b3 {[%emt 0:00:22]} Nf6 {[%emt 0:00:26]} 15. f5 {[%emt 0:01:14]} Ng4 {[%emt 0:05:39]} 16. fxg6 {[%emt 0:01:41]} hxg6 {[%emt 0:00:53]} 17. Bf4 {[%emt 0:00:06]} Bc8 {[%emt 0:00:49]} 18. h3 {[%emt 0:00:18]} Nf6 {[%emt 0:00:07]} 19. Bh2 {[%emt 0:00:28]} Ra7 {[%emt 0:00:49]} 20. cxb5 {[%emt 0:00:47]} axb5 {[%emt 0:00:42]} 21. Bxb5 {[%emt 0:00:04]} Nf5 {[%emt 0:00:16]} 22. Bc4 {[%emt 0:00:21]} Ba6 {[%emt 0:00:28]} 23. Nb5 {[%emt 0:02:45]} Bxb5 {[%emt 0:00:24]} 24. Bxb5 {[%emt 0:00:02]} Qa5 {[%emt 0:00:06]} 25. Qxa5 {[%emt 0:00:04]} Rxa5 {[%emt 0:00:01]} 26. Bc4 {[%emt 0:00:03]} Bh6 {[%emt 0:00:52]} 27. a4 {[%emt 0:00:26]} Ne3 {[%emt 0:00:14]} 28. Bxd6 {[%emt 0:00:06]} Rc8 {[%emt 0:00:08]} 29. Ne5 {[%emt 0:02:24]} Nxf1 {[%emt 0:00:09]} 30. Kxf1 {[%emt 0:00:07]} Raa8 {[%emt 0:01:11]} 31. Be7 {[%emt 0:00:13]} 1-0

[Event "RUS-ch Rapid Men 2018"]
[Site "Sochi"]
[Date "2018.10.06"]
[Round "8"]
[White "Bocharov, Ivan"]
[Black "Alekseev, Evgeny"]
[Result "1/2-1/2"]
[WhiteElo "2563"]
[BlackElo "2620"]
[Annotator "TA"]
[PlyCount "42"]
[EventDate "2018.10.05"]
[EventType "swiss"]
[EventCountry "RUS"]
[SourceTitle "playchess.com"]
[Source "ChessBase"]
[SourceQuality "1"]

{[%evp 18,42,-31,-48,-46,-116,-115,-116,-78,-78,-84,-93,-85,-77,-83,-145,-53,-60,-59,-60,-45,-88,0,-43,0,-97,0]} 1. e4 c5 2. Nf3 e6 3. d4 cxd4 4. Nxd4 Nc6 5. Nc3 a6 6. Be3 Nf6 7. f4 Bb4 {[%cal Bf8b4,Bb4c3,Bc3d4][%mdl 32] B46: Sicilian: Taimanov: 5 Nc3 a6} 8. Bd3 e5 9. Nxc6 (9. fxe5 Nxe5 10. O-O d6 11. Kh1 Bc5 12. Qe1 O-O 13. Rd1 Neg4 14. Bg1 Ne5 15. Be2 {½-½ (31) Shirov,A (2683)-Alekseev,E (2632) Tallinn 2017}) 9... dxc6 10. f5 {[#] LiveBook: 3 Games} Nxe4 $1 {[%mdl 512]} 11. Bxe4 $146 (11. Qg4 $15 Nxc3 12. Qxb4) ({Predecessor:} 11. Qg4 Nxc3 12. Qxb4 Nd5 13. Qe4 Bxf5 14. Qxe5+ Qe7 15. Qxe7+ Nxe7 16. Bxf5 Nxf5 {½-½ (51) Zambrana,O (2458)-Kovalyov,A (2548) Benasque 2008}) 11... Bxc3+ $1 $17 12. Ke2 ({Avoid the trap} 12. bxc3 $2 Qh4+ 13. Kd2 Qxe4 $19) 12... Bd4 13. Qd3 Qh4 14. Raf1 Bd7 15. g3 Qf6 16. Rd1 {[#]} (16. Bd2 $142) 16... O-O-O (16... c5 $1 $17 17. h4 Bb5) 17. Bxd4 $15 exd4 18. Qxd4 Qh6 19. Qe3 Qf6 {And now ...Rhe8 would win.} 20. Qd4 $1 Qh6 (20... Qg5 $15 21. Qe3 Qe7) 21. Qe3 $1 $17 {[#]} Qf6 {Precision: White = 47%, Black = 46%.} ({Better is} 21... Qh3 $1 $17 22. Qf3 g6) 1/2-1/2

[Event "RUS-ch Rapid Men 2018"]
[Site "Sochi"]
[Date "2018.10.06"]
[Round "8"]
[White "Yuffa, Daniil"]
[Black "Dilmukhametov, Artur"]
[Result "1-0"]
[WhiteElo "2563"]
[BlackElo "2353"]
[Annotator "TA"]
[PlyCount "79"]
[EventDate "2018.10.05"]
[EventType "swiss"]
[EventCountry "RUS"]
[SourceTitle "playchess.com"]
[Source "ChessBase"]
[SourceQuality "1"]

{[%evp 15,79,-12,2,-18,0,-37,-42,-31,-33,-59,-20,-12,-10,-27,63,38,99,102,102,86,78,60,85,-47,-25,-117,0,-19,-2,-22,-37,-83,-94,-191,-179,-218,45,13,160,138,286,266,339,347,351,129,353,353,313,318,444,297,439,366,627,352,354,322,366,363,360,362,362,363,837,802]} 1. e4 e6 2. d4 d5 3. Nc3 Bb4 4. e5 c5 5. a3 Bxc3+ 6. bxc3 Qa5 7. Bd2 Qa4 8. h4 Ne7 {LiveBook: 83 Games} 9. Qg4 $146 {C18: French: 3 Nc3 Bb4: Main line: 7 h4 and 7 Qg4} ({Predecessor:} 9. h5 Nbc6 10. h6 gxh6 11. Nf3 cxd4 12. cxd4 Nxd4 13. Bd3 Nec6 14. Rb1 Rg8 15. Kf1 Nxf3 16. gxf3 b6 {0-1 (27) Sutovsky,E (2642)-Ivanchuk,V (2720) Ashdod 2015}) 9... Qxc2 10. Nf3 Nf5 11. Rc1 {Black is slightly better.} h5 12. Qh3 Qa4 (12... Qe4+ {feels hotter.} 13. Be2 cxd4 14. Nxd4 Nxd4 15. cxd4 Nc6) 13. Bd3 $1 Nc6 {[%cal Rc5d4]} 14. O-O g6 (14... Qxa3 $2 15. Ra1 $18) (14... cxd4 $11 15. Bxf5 exf5) 15. Bg5 {[%mdl 1024] White has compensation.} Nce7 (15... c4 $1 $14 16. Bxf5 exf5) 16. Bf6 $16 ({But not} 16. dxc5 $6 Qxa3 17. Nd2 O-O $11) 16... Rg8 17. Ng5 Bd7 18. c4 Nxd4 19. Qe3 ({White should play} 19. cxd5 $1 $16 exd5 20. Qe3) 19... Nef5 $15 20. Qe1 (20. Qd2 $11 {keeps the balance.}) 20... Qc6 ({Much worse is} 20... Nxh4 $6 21. cxd5 Nxg2 22. Kxg2 $14) (20... Qxa3 $17 21. Rc3 Qa5) 21. f3 b5 22. cxd5 exd5 23. Qf2 c4 {...Qb6 is the strong threat.} 24. Bb1 (24. g4 $17 Qb6 25. e6 Nxe6 26. Bxf5 gxf5 27. Qxb6 axb6 28. gxh5) 24... Qb6 $1 $19 {Hoping for ...Ne2+.} 25. Rcd1 Ne6 $2 (25... Be6 $1 $19 26. Kh2 Nb3 27. Bxf5 Qxf2 28. Rxf2 gxf5) 26. Rxd5 $14 Nxg5 (26... Bc6 $11 27. Nxe6 fxe6) 27. hxg5 $16 {And now Rfd1 would win.} Be6 {[#]} (27... Qxf2+ $16 28. Kxf2 Ne7) 28. Rc5 $1 $18 Rc8 29. Rxc8+ Bxc8 30. Rd1 $2 (30. Qxb6 $18 axb6 31. Rd1) 30... Ne7 $2 {[#]} (30... Qxf2+ $16 31. Kxf2 Ne7) 31. Qxb6 $1 axb6 32. Rd6 c3 {intending ...Bf5.} 33. Rxb6 Be6 (33... Nf5 $142 34. Rxb5 Kd7) 34. Rxb5 Nc8 $2 (34... Nc6 35. Rb7 Bf5 36. Bxf5 gxf5) 35. Rc5 Kd7 36. Rxc3 Nb6 37. Bd3 {[%cal Rd3b5]} Bd5 38. Bb5+ Ke6 39. Rc7 Bb3 $2 (39... Ra8 40. a4 Rxa4 41. Bxa4 Nxa4) 40. Rc6+ {Precision: White = 29%, Black = 29%.} 1-0

[Event "RUS-ch Rapid Men 2018"]
[Site "Sochi"]
[Date "2018.10.06"]
[Round "8"]
[White "Bocharov, Dmitry"]
[Black "Lysyj, Igor"]
[Result "1-0"]
[WhiteElo "2557"]
[BlackElo "2631"]
[Annotator "TA"]
[PlyCount "59"]
[EventDate "2018.10.05"]
[EventType "swiss"]
[EventCountry "RUS"]
[SourceTitle "playchess.com"]
[Source "ChessBase"]
[SourceQuality "1"]

{[%evp 19,59,24,38,41,34,25,26,25,25,31,27,23,22,22,11,7,4,-16,-18,-12,-10,-38,0,-26,0,0,0,-3,14,16,12,16,90,97,89,47,43,43,566,578,570,552]} 1. c4 e6 2. Nf3 d5 3. e3 dxc4 4. Bxc4 Nf6 5. O-O c5 6. Qe2 Nc6 7. Rd1 a6 8. d4 Qc7 9. Nc3 b5 10. Bb3 Bb7 11. d5 {D28: Queen's Gambit Accepted: Classical main line: 7 Qe2 with early ...Nc6} exd5 12. Nxd5 (12. e4 d4 13. Nd5 Qd8 14. Bf4 Rc8 15. a4 c4 16. axb5 d3 17. bxc6 dxe2 18. Nxf6+ Qxf6 19. cxb7 exd1=Q+ 20. Rxd1 Qc6 21. Ba4 {1-0 (21) Drozdovskij,Y (2624)-Ivanov,J (2422) Balaguer 2010}) 12... Nxd5 13. Bxd5 {White has an edge.} ({Reject} 13. Rxd5 Bd6 $15) 13... Be7 14. a4 Qb6 $146 ({Predecessor:} 14... bxa4 15. Bd2 O-O {½-½ (15) Tate,A (2314)-Varga,Z (2455) Heviz 2012}) 15. axb5 axb5 16. Rxa8+ Bxa8 17. e4 {Hoping for Bg5.} O-O 18. Be3 Nb4 19. Bxa8 Rxa8 20. h3 Qb7 21. Bd2 Nc6 22. e5 Nd8 23. Bg5 Bxg5 24. Nxg5 h6 $1 {[%cal Rh6g5]} 25. Ne4 c4 (25... Ne6 $11 {keeps the balance.}) 26. Nd6 $40 {[%mdl 128] White has strong attack.} Qc6 27. Qg4 {[#] Nf5 is the strong threat.} Ne6 28. Nf5 {Threatens to win with Ne7+.} Qc5 $2 {[%mdl 8192]} ({Black should try} 28... Kh7 $14) 29. Nxh6+ $1 $18 Kf8 {[#]} 30. Nxf7 $1 {[%mdl 512] Precision: White = 49%, Black = 41%.} 1-0

[Event "RUS-ch Rapid Men 2018"]
[Site "Sochi"]
[Date "2018.10.06"]
[Round "8"]
[White "Lobanov, Sergei"]
[Black "Rozum, Ivan"]
[Result "0-1"]
[WhiteElo "2539"]
[BlackElo "2573"]
[Annotator "ChessBase"]
[PlyCount "62"]
[EventDate "2018.10.05"]
[EventType "swiss"]
[EventCountry "RUS"]
[SourceTitle "playchess.com"]
[Source "ChessBase"]
[SourceQuality "1"]
[TimeControl "900+10"]

1. e4 {[%emt 0:00:00]} c6 {[%emt 0:00:34]} 2. d4 {[%emt 0:00:00]} d5 {[%emt 0:00:04]} 3. e5 {[%emt 0:00:00]} Bf5 {[%emt 0:00:02]} 4. Nf3 {[%emt 0:00:00]} e6 {[%emt 0:00:01]} 5. Be2 {[%emt 0:00:00]} c5 {[%emt 0:00:01]} 6. Be3 {[%emt 0:00:29]} Qb6 {[%emt 0:00:01]} 7. Nc3 {[%emt 0:00:06]} Nc6 {[%emt 0:00:01]} 8. O-O {[%emt 0:01:14]} Qxb2 {[%emt 0:00:02]} 9. Qe1 {[%emt 0:00:01]} cxd4 {[%emt 0:00:02]} 10. Bxd4 {[%emt 0:00:28]} Nxd4 {[%emt 0:00:02]} 11. Nxd4 {[%emt 0:00:01]} Bb4 {[%emt 0:00:01]} 12. Bb5+ {[%emt 0:06:44]} Kf8 {[%emt 0:00:27]} 13. Rb1 {[%emt 0:00:02]} Bxc3 {[%emt 0:00:25]} 14. Rxb2 {[%emt 0:00:01]} Bxe1 {[%emt 0:00:02]} 15. Rxe1 {[%emt 0:00:01]} Ne7 {[%emt 0:00:28]} 16. Nxf5 {[%emt 0:00:15]} Nxf5 {[%emt 0:01:20]} 17. Bd3 {[%emt 0:00:01]} b6 {[%emt 0:00:03]} 18. Bxf5 {[%emt 0:00:03]} exf5 {[%emt 0:00:01]} 19. Rd1 {[%emt 0:02:59]} Ke7 {[%emt 0:02:13]} 20. Rxd5 {[%emt 0:00:27]} Rhd8 {[%emt 0:00:29]} 21. c4 {[%emt 0:01:18]} Rac8 {[%emt 0:00:06]} 22. Rxd8 {[%emt 0:00:02]} Rxd8 {[%emt 0:00:04]} 23. g3 {[%emt 0:00:02]} Rd1+ {[%emt 0:00:55]} 24. Kg2 {[%emt 0:00:00]} Rc1 {[%emt 0:00:02]} 25. Rb4 {[%emt 0:00:45]} Kd7 {[%emt 0:01:26]} 26. a4 {[%emt 0:02:08]} Kc6 {[%emt 0:00:28]} 27. a5 {[%emt 0:00:09]} bxa5 {[%emt 0:00:09]} 28. Rb5 {[%emt 0:00:01]} Rxc4 {[%emt 0:01:18]} 29. Rxa5 {[%emt 0:00:01]} Kb6 {[%emt 0:00:01]} 30. Ra1 {[%emt 0:00:34]} a5 {[%emt 0:00:03]} 31. Kf3 {[%emt 0:00:01]} Re4 {[%emt 0:01:03]} 0-1

[Event "RUS-ch Rapid Men 2018"]
[Site "Sochi"]
[Date "2018.10.06"]
[Round "8"]
[White "Triapishko, Alexandr"]
[Black "Sarana, Alexey"]
[Result "0-1"]
[WhiteElo "2508"]
[BlackElo "2641"]
[Annotator "TA"]
[PlyCount "104"]
[EventDate "2018.10.05"]
[EventType "swiss"]
[EventCountry "RUS"]
[SourceTitle "playchess.com"]
[Source "ChessBase"]
[SourceQuality "1"]

{[%evp 28,104,-16,-3,-35,-47,-57,-48,0,0,0,0,0,0,0,-24,0,0,0,0,0,0,23,5,6,0,0,0,13,0,0,-46,-42,-41,-54,-88,-81,-83,-32,-39,-41,-80,-36,-36,-15,-27,-9,-8,-7,-21,-23,-366,-371,-354,-352,-296,-385,-377,-327,-422,-417,-1057,-999,-29973,-29974,-29976,-29977,-29977,-29977,-29978,-29978,-29979,-29980,-29981,-29981,-29981,-29981,-29979,-29978]} 1. e4 c5 2. Nf3 d6 3. d4 cxd4 4. Nxd4 Nf6 5. Nc3 a6 6. Bg5 e6 7. f4 {[%cal Bf2f4,Bf4e5][%mdl 32]} Qb6 8. Qd2 Qxb2 9. Rb1 Qa3 10. e5 dxe5 {B97: Sicilian Najdorf: Poisoned Pawn} 11. fxe5 h6 12. Bh4 Nfd7 (12... g5 13. exf6 gxh4 14. Be2 Qa5 15. O-O Nd7 16. Kh1 Qg5 17. Qe1 Nxf6 18. Nf3 Qg7 19. Ne5 {½-½ (35) Radjabov,T (2748)-Wojtaszek,R (2744) Shamkir 2018}) 13. Ne4 Qxa2 14. Rd1 Qd5 15. Qe3 $1 {LiveBook: 309 Games} Qxe5 {[#] aiming for ...f5.} 16. Be2 $1 {Black must now prevent 0-0.} Bc5 $1 17. Bg3 $1 {[%cal Rg3e5]} Qd5 (17... Bxd4 $5 18. Rxd4 Qa5+ 19. Rd2 O-O $15) 18. c4 Bxd4 19. Rxd4 {[#]} Qa5+ $146 20. Rd2 $1 {Strongly threatening Nd6+.} O-O $1 {next ...f5 is good for Black.} 21. Bd6 $1 f5 22. Bxf8 Nxf8 ({Avoid the trap} 22... Kxf8 $2 23. Nd6 $18) 23. Nd6 Nbd7 24. g4 Qa1+ 25. Rd1 Qa5+ 26. Rd2 fxg4 27. Bxg4 Qe5 28. Qxe5 Nxe5 29. h3 Bd7 30. O-O Bc6 31. Re1 Nxg4 32. hxg4 a5 ({Black should try} 32... Nh7 $17 33. Kf2 Ng5) 33. Kf2 $15 a4 34. Re3 Ra5 35. Rb2 Rg5 {White should prevent ...Ng6.} 36. Rg3 Nd7 {Threatens to win with ...Nf6.} 37. Nxb7 Nf6 38. Ke1 Ne4 39. Rf3 $2 {[%mdl 8192] [#]} (39. Re3 $11 {and White has nothing to worry.}) 39... Nd6 $1 $19 {[%mdl 512]} 40. Nxd6 Bxf3 {[%mdl 4096] Endgame KRB-KRN} 41. Rb8+ Kh7 42. Kf2 Bc6 43. Nf7 Ra5 44. Nd8 (44. Rb2 $142) 44... Ra8 45. Rxa8 Bxa8 {Black mates.} 46. Nxe6 {KB-KN} a3 {[%cal Ba4a3,Ba3a2][%mdl 32]} 47. Nd4 a2 48. Nb3 Kg6 49. Kg3 Kg5 50. c5 Bc6 51. Na1 Ba4 52. Kf3 Bd1+ {Precision: White = 38%, Black = 59%.} 0-1